Top 8 Largest Indian Empires - Statistics

General Stats
  • This quiz has been taken 100 times
  • The average score is 3 of 8
Answer Stats
No. Indian Empires % Correct
2 Mughal Empire
93%
1 Mauryan Empire
48%
5 Delhi Sultanate
40%
3 Gupta Empire
39%
4 India
35%
6 Maratha Empire
30%
7 Kushan Empire
12%
8 Empire of Harsha
5%
No matching quizzes found
Score Distribution
Percent of People with Each Score
Percentile by Number Answered
Your Score History
You have not taken this quiz